000 00649nam a2200229 a 4500
001 46601
003 BD-RjUL
005 20211209054157.0
008 160803s1957 enk b 001 0 eng
035 _a(BD-RjUL)46720
040 _aDLC
_cDLC
_dDLC
_dBD-RjUL
_beng
041 _aeng
082 0 0 _a347.42
_223
_bGRE 1957
100 1 _aGriew, E. J.
_9142126
245 1 4 _aThe English legal system in a nutshell /
_cE. J. Griew,
260 _aLondon :
_bSweet & Maxwell,
_c1957
300 _aviii, 146 p. ;
_c19 cm.
500 _aIncludes Index
650 0 _aLaw
_zGreat Britain.
_9142127
650 0 _aCourts
_zGreat Britain.
_9125677
942 _2ddc
_cBK
999 _c46601
_d46601